Accounting information systems : transaction processing and controls

Saved in:
Bibliographic Details
Main Author: Boockholdt, James L.
Format: Book
Language:English
Published: Burr Ridge : Irwin, c1993
Edition:3rd ed.
Subjects:
Tags: Add Tag
No Tags, Be the first to tag this record!

MARC

LEADER 00000nam a2200000 i 4500
001 1/47047
008 980115s1993 eng d
020 |a 0-256-10841-2 
035 |l 10026430 
040 |a GR-MY-UA  |b gre  |e aacr 
041 0 |a eng 
082 0 |a 657.0285 
100 1 |a Boockholdt, James L. 
245 1 0 |a Accounting information systems :  |b transaction processing and controls /  |c J.L.Boockholdt 
250 |a 3rd ed. 
260 |a Burr Ridge :   |b Irwin,   |c c1993 
300 |a xxix, 861 σ. 
504 |a Περιλαμβάνει ευρετήριο 
650 0 0 |a Accounting  |x Data processing. 
650 0 0 |a Transaction systems (Computer systems) 
650 0 0 |a Electronic data interchange. 
852 |a INST  |b CHIOS  |e 19980115  |h 657.0285 BOO  |p 005200010115  |q 005200010115  |t BK  |y 0 
901 |a BIBL-1998-1 
909 |a Χ  |b 052696 
922 |a 2ΕΛΗ  |b 199712  |c ΒΑΡΒΑΚΗΣ  |d ΠΑΠΑΣΩΤΗΡΙΟΥ